000 00624nam a2200241Ia 4500
001 32820
005 20240114001621.0
007 ta
008 061120s353 g b000 u 346 u
040 _aCotton College,Assam
041 _a346
082 _a294.581
_bV 659 K
100 _aVivekananda, .
245 0 _aKathopakathan /
_cVivekananda.
_hTextual Documents
250 _a1st ed. /
260 _aCalcutta :
_bUddodhan Karyalay ,
_c1353 Bangabda.
300 _a113p. ;
_c18cm.
653 _aReligion-Vivekananda
653 _aG-Religion
942 _2ddc
_cBK
999 _c32802
_d32802